[Event "URU-ch sf2"]
[Site "Colonia del Sacramento"]
[Date "2023.02.20"]
[Round "6"]
[White "Vique, Yoel"]
[Black "Gonzalez Bodega, Juliana"]
[Result "1-0"]
[WhiteElo "1833"]
[BlackElo "1212"]
[PlyCount "55"]
[EventDate "2023.02.17"]
[EventType "swiss"]
[EventRounds "7"]
[EventCountry "URU"]
[SourceTitle "CBM 213 Extra"]
[Source "ChessBase"]
[SourceDate "2023.05.31"]
[SourceVersion "1"]
[SourceVersionDate "2023.05.31"]
[SourceQuality "1"]

1. e4 c6 2. Nf3 d5 3. Nc3 e6 4. d4 c5 5. exd5 exd5 6. dxc5 Bxc5 7. Qxd5 Qb6 8. Bb5+ Bd7 9. Bxd7+ Nxd7 10. 0-0 Ngf6 11. Qd3 0-0 12. Na4 Qc7 13. Nxc5 Nxc5 14. Qf5 Nce4 15. c3 h6 16. Be3 Nd6 17. Qf4 Nd5 18. Qd4 Nxe3 19. Qxe3 Nc4 20. Qe2 Rfe8 21. Qc2 Re7 22. Rfe1 Rae8 23. Rxe7 Rxe7 24. h3 Qb6 25. Rd1 Nxb2 26. Rb1 g5 27. Rxb2 Qe6 28. Rb1 1-0

[Event "URU-ch sf2"]
[Site "Colonia del Sacramento"]
[Date "2023.02.18"]
[Round "2"]
[White "Vique, Yoel"]
[Black "De Los Santos, Hector1111"]
[Result "1-0"]
[WhiteElo "1833"]
[BlackElo "1652"]
[PlyCount "44"]
[EventDate "2023.02.17"]
[EventType "swiss"]
[EventRounds "7"]
[EventCountry "URU"]
[SourceTitle "CBM 213 Extra"]
[Source "ChessBase"]
[SourceDate "2023.05.31"]
[SourceVersion "1"]
[SourceVersionDate "2023.05.31"]
[SourceQuality "1"]

1. e4 e6 2. Nf3 d5 3. Nc3 Nf6 4. e5 Nfd7 5. d4 c5 6. Nb5 Qb6 7. a4 c4 8. Ng5 Na6 9. Qh5 g6 10. Qf3 f5 11. exf6 Nc7 12. Nxc7+ Qxc7 13. Nxe6 Qd6 14. Qxd5 Nxf6 15. Qxd6 Bxd6 16. Bxc4 Ke7 17. Ng5 Re8 18. 0-0 Kf8 19. h3 Bf5 20. c3 Re7 21. Nf3 Kg7 22. Bg5 h5 1-0

[Event "URU-ch sf2"]
[Site "Colonia del Sacramento"]
[Date "2023.02.17"]
[Round "1"]
[White "Roselli Mailhe, Bernardo"]
[Black "Vique, Yoel"]
[Result "1-0"]
[WhiteElo "2372"]
[BlackElo "1833"]
[PlyCount "37"]
[EventDate "2023.02.17"]
[EventType "swiss"]
[EventRounds "7"]
[EventCountry "URU"]
[SourceTitle "CBM 213 Extra"]
[Source "ChessBase"]
[SourceDate "2023.05.31"]
[SourceVersion "1"]
[SourceVersionDate "2023.05.31"]
[SourceQuality "1"]

1. d4 Nc6 2. Nf3 d6 3. d5 Ne5 4. Nxe5 dxe5 5. e4 e6 6. Nc3 exd5 7. exd5 Bc5 8. Bb5+ Bd7 9. Qe2 Bd4 10. Ne4 Ne7 11. c3 Bb6 12. d6 Ng6 13. Bc4 h6 14. Be3 Bxe3 15. Qxe3 0-0 16. 0-0-0 cxd6 17. Rxd6 Qc7 18. Rxg6 Qxc4 19. Nf6+ 1-0